[Event "Challenge"]
[Site "http://www.queenalice.com/game.php?id=364555"]
[Date "2008.3.2"]
[Round "-"]
[White "Gera"]
[Black "Chamnix"]
[Result "1-0"]
[WhiteElo "1817"]
[BlackElo "2059"]

1. d4 Nf6 2. c4 c5 3. d5 b5 4. e3 bxc4 5. Bxc4 d6 6. Nc3 g6 7. Bd2 Bg7 8. Nf3
O-O 9. O-O Ba6 10. b3 Qb6 11. Rb1 Nbd7 12. e4 Ng4 13. Qe1 Nge5 14. Nxe5 Nxe5 15.
Qe2 Nxc4 16. bxc4 Qc7 17. Nb5 Bxb5 18. Rxb5 Rfb8 19. Ba5 Qc8 20. Rfb1 Rxb5 21.
Rxb5 Rb8 22. Qc2 Rxb5 23. cxb5 Qb7 24. Qb3 Bd4 25. a4 Kg7 26. g3 f5 27. exf5
gxf5 28. Bd2 Kf6 29. a5 h5 30. h4 Ke5 31. a6 Qb6 32. Bg5 c4 33. Qxc4 Bxf2+ 34.
Kg2 Bg1 35. Bf4+ Kf6 36. Qe2 Qd4 37. Bg5+ Kg7 38. Qxe7+ Kg8 39. Qd8+ Kh7 40.
Qd7+ Kg8 41. Qe6+ Kh7 42. Qh6+ Kg8 43. Qe6+ 1-0

[Event "AUTO-OPEN-687"]
[Site "http://www.queenalice.com/game.php?id=364811"]
[Date "2008.3.3"]
[Round "3"]
[White "kulalking"]
[Black "Chamnix"]
[Result "1-0"]
[WhiteElo "2196"]
[BlackElo "2036"]

1. e4 c5 2. d4 cxd4 3. c3 d3 4. Nf3 Nc6 5. Bxd3 d6 6. O-O Nf6 7. Bf4 g6 8. Qd2
Bg7 9. Re1 O-O 10. h3 Qa5 11. b4 Qb6 12. Na3 Nd7 13. Nc4 Qc7 14. Ne3 Nce5 15.
Nxe5 Nxe5 16. Rac1 Be6 17. Nd5 Bxd5 18. exd5 Rac8 19. Bf1 Rfe8 20. c4 e6 21. c5
exd5 22. Qxd5 Rcd8 23. cxd6 Qxd6 24. Qxb7 Rd7 25. Qb5 Rde7 26. Be3 Qf6 27. Rc7
1-0

[Event "AUTO-OPEN-687"]
[Site "http://www.queenalice.com/game.php?id=364812"]
[Date "2008.3.3"]
[Round "3"]
[White "Chamnix"]
[Black "kulalking"]
[Result "0-1"]
[WhiteElo "2038"]
[BlackElo "2116"]

1. e4 e5 2. Nf3 Nc6 3. d4 exd4 4. Bc4 d6 5. Nxd4 Nxd4 6. Qxd4 Nf6 7. Nc3 Be7 8.
f3 c5 9. Qd3 O-O 10. Be3 Nd7 11. Bb3 Ne5 12. Qd2 a6 13. Bd5 Rb8 14. O-O b5 15.
Rfd1 Bb7 16. Bxb7 Nc4 17. Qf2 Rxb7 18. b3 Nxe3 19. Qxe3 Bf6 20. Rac1 Bd4 21.
Rxd4 cxd4 22. Qxd4 Qg5 23. Rd1 Rc7 24. Qd3 Rfc8 0-1

[Event "AUTO-OPEN-810"]
[Site "http://www.queenalice.com/game.php?id=369483"]
[Date "2008.3.12"]
[Round "2"]
[White "salso"]
[Black "Chamnix"]
[Result "1/2-1/2"]
[WhiteElo "2149"]
[BlackElo "2021"]

1. e4 c5 2. Qh5 e6 3. e5 Nc6 4. Bb5 Qc7 5. Bxc6 Qxc6 6. Nf3 d6 7. O-O g6 8. Qg4
dxe5 9. Nxe5 Qc7 10. Qa4+ Bd7 11. Qxd7+ Qxd7 12. Nxd7 Kxd7 13. d3 Bd6 14. Nc3
Kc6 15. Be3 Nf6 16. f3 Nd5 17. Nxd5 Kxd5 18. g3 a6 19. Rad1 Rac8 20. c4+ Kc6 21.
d4 cxd4 22. Bxd4 Rhd8 23. b3 Rd7 24. Bf6 Bc5+ 1/2-1/2

[Event "AUTO-OPEN-810"]
[Site "http://www.queenalice.com/game.php?id=369484"]
[Date "2008.3.12"]
[Round "2"]
[White "Chamnix"]
[Black "salso"]
[Result "1-0"]
[WhiteElo "2026"]
[BlackElo "2137"]

1. e4 e6 2. d4 d5 3. Nc3 Nf6 4. Bg5 dxe4 5. Nxe4 Be7 6. Bxf6 Bxf6 7. Nf3 O-O 8.
Qd2 Nc6 9. O-O-O e5 10. d5 Nd4 11. Nxf6+ Qxf6 12. Nxd4 exd4 13. f3 Rd8 14. Qxd4
Qxd4 15. Rxd4 Be6 16. Bc4 c6 17. Rhd1 cxd5 18. Bxd5 Bxd5 19. Rxd5 Rxd5 20. Rxd5
Kf8 21. Rd7 b6 22. Kd2 Ke8 23. Rb7 g6 24. Ke3 Kf8 25. c4 Kg7 26. Ke4 Kf6 27. Kd5
Rd8+ 28. Kc6 Rd2 29. Rxa7 Rxb2 30. a4 Ke6 31. Rb7 Rxg2 32. Kxb6 Rxh2 33. a5 h5
34. a6 f5 35. a7 Ra2 36. Rb8 g5 37. a8=Q Rxa8 38. Rxa8 h4 39. c5 h3 40. c6 g4
41. fxg4 fxg4 42. c7 1-0

[Event "CFC 2nd Annual"]
[Site "http://www.queenalice.com/game.php?id=376659"]
[Date "2008.3.25"]
[Round "4"]
[White "punkbass"]
[Black "Chamnix"]
[Result "0-1"]
[WhiteElo "1650"]
[BlackElo "2048"]

1. d4 Nf6 2. c4 c5 3. d5 b5 4. b3 g6 5. a3 Bg7 6. Nc3 Nxd5 7. cxd5 Qa5 8. Bb2
Bxc3+ 9. Bxc3 Qxc3+ 10. Qd2 Qxa1+ 11. Qd1 Qxd1+ 12. Kxd1 d6 13. e4 b4 14. axb4
cxb4 15. Nf3 Ba6 16. Bxa6 Nxa6 17. Ke2 Nc5 18. Nd4 Nxe4 0-1

[Event "Challenge"]
[Site "http://www.queenalice.com/game.php?id=376668"]
[Date "2008.3.25"]
[Round "-"]
[White "Chamnix"]
[Black "Gera"]
[Result "1-0"]
[WhiteElo "2035"]
[BlackElo "1977"]

1. e4 e5 2. Nf3 d6 3. d4 f5 4. Nc3 fxe4 5. Nxe4 Bg4 6. dxe5 Bxf3 7. Qxf3 dxe5 8.
Bc4 Qd7 9. Ng5 Nh6 10. Qxb7 c6 11. Qxa8 Qc7 12. Ne6 Qc8 13. Qxa7 Bd6 14. Nxg7+
Kd8 15. Bg5+ 1-0

[Event "AUTO-OPEN-795"]
[Site "http://www.queenalice.com/game.php?id=384095"]
[Date "2008.4.8"]
[Round "2"]
[White "Chamnix"]
[Black "CampbellMarcel"]
[Result "1-0"]
[WhiteElo "2055"]
[BlackElo "1784"]

1. e4 Nc6 2. d4 d5 3. Nc3 dxe4 4. d5 Nb4 5. a3 Na6 6. Nxe4 e5 7. Nf3 Bg4 8. Be2
Bd6 9. h3 Bxf3 10. Bxf3 Nc5 11. Nxc5 Bxc5 12. O-O Nf6 13. Bg5 O-O 14. Re1 Re8
15. Qd3 Qd6 16. c4 Qb6 17. Qc2 Nd7 18. b4 Bd4 19. Rad1 Qg6 20. Qxg6 hxg6 21. d6
c6 22. c5 f6 23. Bc1 Kf7 24. Kf1 a6 25. g4 g5 26. Kg2 Rh8 27. Rxd4 exd4 28. Re7+
Kf8 29. Rxd7 Rb8 30. Be4 Re8 31. Bg6 Re2 32. Rd8+ 1-0

[Event "AUTO-OPEN-795"]
[Site "http://www.queenalice.com/game.php?id=384096"]
[Date "2008.4.8"]
[Round "2"]
[White "CampbellMarcel"]
[Black "Chamnix"]
[Result "0-1"]
[WhiteElo "1778"]
[BlackElo "2050"]

1. e4 c5 2. Nf3 d6 3. d4 cxd4 4. Nxd4 Nf6 5. Bc4 Nxe4 6. O-O d5 7. Bb5+ Bd7 8.
Qe2 e6 9. Nc3 Nxc3 10. bxc3 Be7 11. Nxe6 fxe6 12. Qxe6 Bxb5 13. Re1 Qd7 14. Qe5
Nc6 15. Qxg7 O-O-O 16. Bg5 Bxg5 17. Qxg5 Rhg8 18. Qd2 Rxg2+ 19. Kxg2 Qg4+ 20.
Kh1 Qf3+ 0-1

[Event "QA-ANNIV-03"]
[Site "http://www.queenalice.com/game.php?id=385474"]
[Date "2008.4.10"]
[Round "6"]
[White "ricardoshima"]
[Black "Chamnix"]
[Result "1-0"]
[WhiteElo "1916"]
[BlackElo "2060"]

1. e4 c5 2. Nf3 d6 3. d4 cxd4 4. Nxd4 Nf6 5. Nc3 a6 6. Bg5 e6 7. f4 Be7 8. Qf3
Qc7 9. O-O-O Nbd7 10. g4 b5 11. Bxf6 Nxf6 12. g5 Nd7 13. f5 Nc5 14. f6 gxf6 15.
gxf6 Bf8 16. Rg1 b4 17. Nd5 exd5 18. exd5 Bd7 19. Rg7 O-O-O 20. Rxf7 Bh6+ 21.
Kb1 Rdf8 22. Rxf8+ Rxf8 23. Ne6 Bxe6 24. dxe6 Nxe6 25. Bxa6+ Kb8 26. Rxd6 Nd8
27. Qd5 Bf4 28. Qb5+ Ka8 29. Rd7 Qb8 30. Qd5+ 1-0

[Event "Challenge"]
[Site "http://www.queenalice.com/game.php?id=387022"]
[Date "2008.4.13"]
[Round "-"]
[White "Chamnix"]
[Black "the_knife"]
[Result "0-1"]
[WhiteElo "2020"]
[BlackElo "2141"]

1. e4 Nf6 2. d3 d5 3. e5 Nfd7 4. Nf3 c5 5. Bf4 e6 6. Nbd2 Nc6 7. c3 Qc7 8. d4 a6
9. Bd3 cxd4 10. cxd4 Nb4 11. Bb1 b5 12. a3 Nc6 13. Bd3 h6 14. Rc1 Nb6 15. O-O
Nc4 16. Qc2 Bb7 17. Nb3 Rc8 18. Qc3 b4 19. axb4 Bxb4 20. Qc2 N6a5 21. Nfd2 Nxb3
22. Nxb3 Qb6 23. Nd2 Nxd2 24. Qxc8+ Bxc8 25. Rxc8+ Ke7 26. Rxh8 Qxd4 27. Bxd2
Bxd2 0-1

[Event "Challenge"]
[Site "http://www.queenalice.com/game.php?id=388913"]
[Date "2008.4.16"]
[Round "-"]
[White "li2carpio"]
[Black "Chamnix"]
[Result "0-1"]
[WhiteElo "1943"]
[BlackElo "2023"]

1. e4 c5 2. Nf3 d6 3. Nc3 Nf6 4. h3 a6 5. d4 cxd4 6. Nxd4 g6 7. a3 Bg7 8. Bc4
Qc7 9. Bb3 O-O 10. Bg5 Nbd7 11. Qd2 Nc5 12. Bxf6 Bxf6 13. Ba2 e6 14. O-O b5 15.
f4 Bb7 16. Rae1 Rfe8 17. f5 Bg7 18. fxe6 Nxe6 19. Nxe6 fxe6 20. Qf2 Qe7 21. Nd1
Rf8 22. Qe3 Rac8 23. c3 Kh8 24. Nf2 Rf7 25. Ng4 Rcf8 26. Rxf7 Rxf7 27. Rf1 Rxf1+
28. Kxf1 h5 29. Nf2 Kh7 30. g4 Bh6 31. Qf3 h4 32. Nd3 Kg7 33. Kf2 Qf6 34. Bb3
Bxe4 35. Qxf6+ Kxf6 36. Nb4 a5 37. Na2 Bb1 38. c4 a4 39. Nc3 axb3 40. Nxb1 bxc4
41. a4 d5 42. Kf3 Ke5 43. a5 Bf8 44. Nc3 Bc5 45. Nb5 d4 46. Ke2 Kd5 47. a6 Kc6
48. a7 Kb7 49. Kd1 Bxa7 50. Nd6+ Kc6 51. Nxc4 Kd5 52. Nd2 e5 53. Nxb3 e4 54. Nd2
d3 55. b3 Bc5 56. Nc4 e3 57. Ke1 Bb4+ 0-1

[Event "Challenge"]
[Site "http://www.queenalice.com/game.php?id=408292"]
[Date "2008.5.26"]
[Round "-"]
[White "ORNELAS"]
[Black "Chamnix"]
[Result "0-1"]
[WhiteElo "1660"]
[BlackElo "2021"]

1. g3 Nf6 2. b3 g6 3. Bb2 Bg7 4. d3 O-O 5. e4 d6 6. Bg2 c6 7. c4 Nbd7 8. Nf3 Qc7
9. Nbd2 Nc5 10. O-O Nxd3 11. Bc3 Be6 12. Rb1 Rfd8 13. Ng5 Rac8 14. Nxe6 fxe6 15.
Qf3 Nc5 16. Bd4 Nfxe4 17. Nxe4 Bxd4 18. Nxc5 Bxc5 19. Qg4 Qd7 20. Qg5 d5 21. Qh6
Qe8 22. Rbe1 Qf7 23. Re2 Rf8 24. cxd5 exd5 25. Qg5 Rce8 26. Qe5 Bd6 27. Qg5 e5
28. f4 e4 29. Kh1 Qf5 30. Qxf5 Rxf5 31. a4 Ref8 32. Bh3 R5f6 33. Bg4 h5 34. Bh3
g5 35. Bg2 gxf4 36. gxf4 Rxf4 37. Ree1 Kg7 38. Bh3 Rxf1+ 39. Bxf1 Rf2 40. Bh3
Rxh2+ 41. Kg1 Rxh3 42. Kg2 Rxb3 43. Rh1 Kg6 44. Kf2 Kg5 45. Rg1+ Kf4 46. Rg6
Rb2+ 47. Kg1 Bc5+ 48. Kh1 e3 49. Rf6+ Ke4 50. Re6+ Kd3 51. Rh6 e2 52. Re6 Be3
53. Kh2 e1=Q+ 54. Kh3 Qg1 55. Rxe3+ Kxe3 56. Kh4 Rh2# 0-1

[Event "AUTO-OPEN-810"]
[Site "http://www.queenalice.com/game.php?id=409632"]
[Date "2008.5.28"]
[Round "3"]
[White "Chamnix"]
[Black "evasion"]
[Result "1-0"]
[WhiteElo "2026"]
[BlackElo "1954"]

1. e4 c5 2. Nf3 d6 3. d4 cxd4 4. Nxd4 Nf6 5. Nc3 g6 6. Bc4 Bg7 7. f3 O-O 8. Be3
Bd7 9. Qd2 Nc6 10. O-O-O Rc8 11. Bb3 Na5 12. h4 Qc7 13. g4 Nxb3+ 14. cxb3 b5 15.
Kb1 b4 16. Nce2 a5 17. h5 e5 18. hxg6 fxg6 19. Nc2 Ne8 20. Rc1 Qb7 21. Bh6 Bxh6
22. Qxh6 Bc6 23. Rh3 d5 24. f4 dxe4 25. Ne3 exf4 26. Nxf4 Rf7 27. Nxg6 1-0

[Event "AUTO-OPEN-810"]
[Site "http://www.queenalice.com/game.php?id=409633"]
[Date "2008.5.28"]
[Round "3"]
[White "evasion"]
[Black "Chamnix"]
[Result "0-1"]
[WhiteElo "1841"]
[BlackElo "2039"]

1. d4 Nf6 2. c4 c5 3. d5 b5 4. cxb5 g6 5. Nf3 a6 6. b6 Qxb6 7. Nc3 Bg7 8. e4 d6
9. Nd2 O-O 10. Nc4 Qb7 11. Be2 Nbd7 12. O-O Nb6 13. Bg5 Nxc4 14. Bxc4 Qxb2 15.
Rc1 Bd7 16. Qd3 h6 17. Rb1 Qa3 18. Bxf6 Bxf6 19. Rb3 Qa5 20. Ne2 Qxa2 21. Ra3
Qb2 0-1

[Event "QA-ANNIV-03"]
[Site "http://www.queenalice.com/game.php?id=413661"]
[Date "2008.6.5"]
[Round "7"]
[White "Chamnix"]
[Black "rictad"]
[Result "1-0"]
[WhiteElo "2016"]
[BlackElo "1748"]

1. e4 e5 2. Nf3 Nc6 3. d4 exd4 4. Bc4 Bc5 5. c3 d6 6. cxd4 Bb4+ 7. Nc3 Bg4 8.
O-O Bxc3 9. bxc3 Qf6 10. Qb3 Na5 11. Qb5+ Nc6 12. Qxb7 Qd8 13. Qxc6+ Bd7 14. Qd5
Nh6 15. Bxh6 1-0

[Event "CFC 2nd Annual"]
[Site "http://www.queenalice.com/game.php?id=422394"]
[Date "2008.6.24"]
[Round "5"]
[White "Chamnix"]
[Black "Panzar"]
[Result "1/2-1/2"]
[WhiteElo "2026"]
[BlackElo "1906"]

1. e4 e6 2. d4 d5 3. Nc3 Nf6 4. Bg5 Be7 5. e5 Nfd7 6. Bxe7 Qxe7 7. f4 a6 8. Nf3
c5 9. Qd2 Nc6 10. Be2 cxd4 11. Nxd4 Ndxe5 12. O-O-O Nd7 13. f5 Nxd4 14. Qxd4 Qf6
15. fxe6 fxe6 16. Qb4 Qf8 17. Qd4 Qf6 18. Qb4 Qf8 19. Qd4 1/2-1/2

[Event "QA-ANNIV-03"]
[Site "http://www.queenalice.com/game.php?id=446324"]
[Date "2008.8.9"]
[Round "8"]
[White "rsgaspar"]
[Black "Chamnix"]
[Result "0-1"]
[WhiteElo "1871"]
[BlackElo "2047"]

1. e4 c5 2. Nf3 d6 3. c3 Nf6 4. d3 g6 5. h3 Bg7 6. Be3 O-O 7. Be2 Qa5 8. Qc1 b5
9. a3 Bb7 10. Bd2 Qc7 11. O-O Nbd7 12. Bh6 Rfd8 13. Bxg7 Kxg7 14. Re1 e5 15.
Nbd2 d5 16. exd5 Nxd5 17. Ne4 N7f6 18. Ng3 Nf4 19. d4 cxd4 20. cxd4 Qxc1 21.
Raxc1 exd4 22. Bxb5 Bxf3 23. gxf3 Rab8 24. a4 a6 25. Bxa6 Rxb2 26. Ne2 d3 27.
Rcd1 Nxe2+ 28. Kf1 Nf4 29. Bc4 Nxh3 30. Re3 Rxf2+ 31. Ke1 d2+ 32. Rxd2 Rdxd2 0-1

[Event "Challenge"]
[Site "http://www.queenalice.com/game.php?id=449590"]
[Date "2008.8.16"]
[Round "-"]
[White "fafaducarmo"]
[Black "Chamnix"]
[Result "0-1"]
[WhiteElo "1581"]
[BlackElo "2056"]

1. d4 Nf6 2. c4 c5 3. d5 b5 4. Nc3 b4 5. Nb5 a6 6. Nd4 cxd4 7. Qxd4 g6 8. Bd2 a5
9. e4 d6 10. h3 Bg7 11. Bd3 Nbd7 12. Nf3 O-O 13. Qe3 Qc7 14. b3 Nxd5 15. exd5
Bxa1 16. O-O Bf6 17. Qh6 Bg7 18. Qh4 Nf6 19. Ng5 e5 20. f4 Qc5+ 21. Kh1 Qd4 22.
Be4 h6 23. Nf3 Qxe4 24. Re1 Qc2 25. fxe5 dxe5 26. Nxe5 Qxd2 27. Qg3 Bf5 28. Nf3
Qc3 29. d6 Ne4 0-1

[Event "AUTO-OPEN-795"]
[Site "http://www.queenalice.com/game.php?id=464282"]
[Date "2008.9.16"]
[Round "3"]
[White "cilasx"]
[Black "Chamnix"]
[Result "0-1"]
[WhiteElo "1744"]
[BlackElo "2041"]

1. e4 c5 2. Nf3 d6 3. d4 cxd4 4. Nxd4 Nf6 5. Nc3 a6 6. Be2 e5 7. Nb3 Be7 8. Be3
O-O 9. Qd2 b5 10. a3 Be6 11. f3 Nbd7 0-1

[Event "AUTO-OPEN-795"]
[Site "http://www.queenalice.com/game.php?id=464283"]
[Date "2008.9.16"]
[Round "3"]
[White "Chamnix"]
[Black "cilasx"]
[Result "1-0"]
[WhiteElo "2036"]
[BlackElo "1749"]

1. e4 c5 2. Nf3 Nc6 3. d4 cxd4 4. Nxd4 d6 5. Nc3 Nf6 6. Bc4 Bg4 7. f3 Bh5 8. Be3
e6 9. Qd2 d5 10. exd5 exd5 11. Be2 1-0

[Event "QA-ANNIV-03"]
[Site "http://www.queenalice.com/game.php?id=469815"]
[Date "2008.9.28"]
[Round "9"]
[White "Chamnix"]
[Black "igorzz"]
[Result "0-1"]
[WhiteElo "2058"]
[BlackElo "1903"]

1. e4 e5 2. Nf3 Nc6 3. d4 exd4 4. Bc4 Bc5 5. c3 Qe7 6. O-O d6 7. cxd4 Bb6 8. e5
Bg4 9. exd6 Qxd6 10. Bxf7+ Kxf7 11. Ng5+ Kf8 12. Qxg4 Nxd4 13. Rd1 Nf6 14. Qh4
Ne2+ 0-1

[Event "QA-ANNIV-03"]
[Site "http://www.queenalice.com/game.php?id=525013"]
[Date "2009.1.18"]
[Round "10"]
[White "MadScot"]
[Black "Chamnix"]
[Result "0-1"]
[WhiteElo "1913"]
[BlackElo "2045"]

1. e4 c5 2. Nf3 d6 3. d4 cxd4 4. Qxd4 a6 5. Be3 Nf6 6. Nc3 Nbd7 7. O-O-O b5 8.
Kb1 g6 9. Be2 Bg7 10. Nd5 O-O 11. Rhe1 Bb7 12. Nxf6+ Nxf6 13. Qb4 Nxe4 14. Bd3
Nf6 15. Qh4 Rc8 16. Bg5 Bxf3 17. gxf3 Qc7 18. Re2 Rfe8 19. Rde1 Qd7 20. f4 Rc5
21. Re3 h6 22. Bxf6 Bxf6 23. Qxh6 Rh5 0-1